Comunicación de masas: una perspectiva sociológica

Gespeichert in:
Bibliographische Detailangaben
1. Verfasser: Wright, Charles Robert (VerfasserIn)
Format: Buch
Sprache:Spanisch
Veröffentlicht: Buenos Aires Paidós 1969
Ausgabe:2a. ed
Schriftenreihe:Biblioteca del hombre contemporáneo, 63
Schlagworte:
Tags: Tag hinzufügen
Keine Tags, Fügen Sie den ersten Tag hinzu!

MARC

LEADER 00000nam a2200000 a 4500
001 UCY7327
003 CL-VaPUC
008 950609e19690000AG |||||||||||||||||spa|d
082 0 4 |a 302.23  |b WRI  |2 21 
100 0 |a Wright, Charles Robert  |e author  |9 337783 
245 1 0 |a Comunicación de masas: una perspectiva sociológica 
250 |a 2a. ed 
300 |a 155 p 
942 |c BK 
945 |d 19950609 00:00:00  |a cmena 
260 |a Buenos Aires  |b Paidós  |c 1969 
650 7 |a COMUNICACION DE MASAS  |2 CL-VaPUC  |9 334823 
650 0 |a Medios de comunicación  |9 257206 
650 0 |a Influencia social  |9 309315 
650 0 |a Comunicación   |9 257251 
650 0 |a Psicología social   |9 222894 
650 0 |a Sociología de la comunicación  |9 337679 
583 |a last modification  |c 19950609 00:00:00  |k Rodrigo Vera 
490 0 |a Biblioteca del hombre contemporáneo, 63 
999 |c 234732  |d 234730 
952 |0 0  |1 0  |4 0  |6 302_230000000000000_WRI_1969  |7 0  |8 P  |9 241393  |a BIBEDU  |b BIBEDU  |c BIBEDU_PB  |d 2019-11-18  |i 1517341  |o 302.23 WRI 1969  |p 1517341  |r 2019-11-18  |w 2019-11-18  |y BK  |k EDU 
952 |0 0  |1 0  |4 0  |6 302_230000000000000_WRI_1969  |7 0  |8 P  |9 241394  |a BIBEDU  |b BIBEDU  |c BIBEDU_PB  |d 2019-11-18  |i 1519247  |o 302.23 WRI 1969  |p 1519247  |r 2019-11-18  |w 2019-11-18  |y BK  |k EDU 
952 |0 0  |1 0  |4 0  |6 302_230000000000000_WRI_1969  |7 0  |8 P  |9 241395  |a BIBEDU  |b BIBEDU  |c BIBEDU_PB  |d 2019-11-18  |i 1519239  |o 302.23 WRI 1969  |p 1519239  |r 2019-11-18  |w 2019-11-18  |y BK  |k EDU